000 00818nam a2200253Ia 4500
003 OSt
005 20220918170720.0
006 a|||||r|||| 00| 0
007 ta
008 220917b |||||||| |||| 00| 0 eng d
020 _a9780415697439 (hbk)
_c7127.19
024 _a267,427
037 _bATB/1886, 28/12/2012, Ashutosh Technical Books
_cTextual
040 _aARTS
_cARTS
_beng
041 _2eng
_aeng
082 _a2:97(D65,8(B)), Q2
100 _aLee Sul H. Ed.
_930589
245 0 _aRepackaging libraries for survival
_b Climbing out of the box
260 _aLondon
_bRoutledge UK
_c2012
300 _a162p.
_ccm.
650 _aLIBRARY SCIENCE
942 _h2:97(D65,8(B)), Q2
_cTEXL
_2CC
999 _c135319
_d135319